• 首页
  • 本馆介绍
  • 公告通知
  • 最新文献
  • 馆藏检索
  • 电子资源
  • 读者导购
  • 参考咨询
  • 我的图书馆
  • 登录
  • 详细信息显示
  • 放入我的书架
  • 预约/预借图书
  • 作者相关作品
  • 分类相关作品
  • 丛书相关作品
  • 出版社相关作品

书目信息

  • 表格格式
  • 工作单格式
  • 卡片格式
题名:
资本原始积累史
    
 
作者: 赵瑞 , 邓加荣 著
分册:  
出版信息: 长春   吉林人民出版社  1981
页数: 223页
开本: 19cm
丛书名:
单 册:
中图分类: F034
科图分类:
主题词: 资本积累--概况
电子资源:
ISBN:
000 00641nam0 2200241 45
001 0181002635
005 20060727110848.42
010    @dCNY0.56
091    @aCN@b11091.52
100    @a19950522d1981 em y0chiy0121 ea
101 0  @achi
102    @aCN@b220000
105    @ay z 000yy
200 10 @a资本原始积累史@Azi ben yuan shi ji lei shi@f邓加荣, 赵瑞著
210    @a长春@c吉林人民出版社@d1981
215    @a223页@d19cm
606    @a资本积累@x概况
690    @aF034@v3
701  0 @a赵瑞@Azhao rui@4著
701  0 @a邓加荣@Adeng jia rong@4著
801  2 @aCN@bNLC@c20060727
801  0 @aCN@bTSSF@c20060725
905    @a10447@dF034@e42
    
    资本原始积累史/邓加荣, 赵瑞著.-长春:吉林人民出版社,1981
    223页;19cm
    
    
    ISBN :CNY0.56
    
●
相关链接 在E读中查询图书 在五车中查询图书 在当当中查询图书 在豆瓣中查询图书


正题名:资本原始积累史     索取号:F034/42         预约/预借

序号 登录号 条形码 馆藏地/架位号 状态 备注
1 0425499   204254993   密集书库/ [索取号:F034/42] 在馆    
2 0426368   204263689   密集书库/ [索取号:F034/42] 在馆    
3 0426369   204263698   密集书库/ [索取号:F034/42] 在馆    
4 0426370   204263705   密集书库/ [索取号:F034/42] 在馆    
5 0439975   204399757   密集书库/ [索取号:F034/42] 在馆    
6 0440238   204402388   密集书库/ [索取号:F034/42] 在馆    
唐山师范学院图书馆 欢迎您!
大连网信软件有限公司© 版权所有